Contratacin̤ para los Servicios de Salud

Bibliographic Details
Main Author: Leuro Martn̕ez, Mauricio
Other Authors: Gutiřrez Roa, Carolina
Format: eBook
Language:Spanish
Published: Bogot:̀ ECOE, 2017
Subjects:
Online Access:Acceso restringido

MARC

LEADER 00000nam a22000007a 4500
005 20180501231847.0
007 cr|||| ||||
008 180501s2017 co |||||s|||| 00||0 spa d
020 |a 978-958-771-549-1 
035 |a 21522 
040 |a vLex 
090 |c 7872  |d 7872 
100 1 |a Leuro Martn̕ez, Mauricio 
245 1 0 |a Contratacin̤ para los Servicios de Salud  |h [Recurso electrn̤ico] /  |c Mauricio Leuro Martn̕ez, Carolina Gutiřrez Roa 
256 |a Servicio en ln̕ea 
260 |a Bogot:̀  |b ECOE,  |c 2017 
300 |a 1 recurso electrn̤ico 
506 1 |a Disponible solo en los productos indicados  |d vLex Global  |d vLex Global (Academic Edition, excluding Law Schools)  |d vLex Global (U.S. Academic Edition, Law Schools)  |d vLex Global (U.S. Academic Edition, excluding Law Schools)  |d vLex Global (Academic Edition, Law Schools) 
650 0 4 |a Derecho Civil  |z Colombia 
700 1 |a Gutiřrez Roa, Carolina 
740 0 |a vLex Libros (Servicio en ln̕ea) 
856 4 0 |u http://vlex.com/source/contratacion-servicios-salud-21522  |z Acceso restringido 
942 |c BOOK 
999 0 |a Civil Law